| 000 | 00417 a2200133 4500 | ||
|---|---|---|---|
| 001 | 92222 | ||
| 082 | _aPR 2489 | ||
| 090 |
_c44182 _d44181 |
||
| 100 | _aHamza Kayani and Asad Javaid; Prof Farooq Bin Akram Mudassir Ahmed (Advisors) | ||
| 245 |
_aConceptual and Preliminary Design of Pak-NGFA (Aerodynamic Analysis) _h78 "A" EC |
||
| 260 |
_aIslamabad _bNUST _c2015 |
||
| 300 | _aix,57p. | ||
| 500 | _aBE Project Report | ||
| 942 |
_aCAE NUST _kPR 2489 |
||
| 999 |
_c327295 _d327295 |
||